Most Popular French Dishes - Statistics

General Stats
  • This quiz has been taken 66 times
    64 since last reset
  • The average score is 7 of 12
Answer Stats
Picture Answer % Correct
Croissant
98%
Crêpes
95%
Éclair
90%
Macarons
90%
Crème Brulée
86%
Ratatouille
79%
Mousse au Chocolate
59%
Soufflé
59%
Quiche
48%
Bisque
19%
Foie gras
12%
Châteaubriand
2%
No matching quizzes found
Score Distribution
Percent of People with Each Score
Percentile by Number Answered
Your Score History
You have not taken this quiz since the last reset